| 000 | 01083cam a2200337 i 4500 | ||
|---|---|---|---|
| 001 | 200459812 | ||
| 003 | TR-AnTOB | ||
| 005 | 20240731144703.0 | ||
| 007 | ta | ||
| 008 | 040520s2004 tu r 000 0 tur d | ||
| 020 | _a9755127879 | ||
| 040 |
_aB9K _beng _erda _cB9K _dOCLCQ _dBGZ _dTR-AnTOB |
||
| 041 | 0 | _atur | |
| 050 | 4 |
_aHD2768.T94 _bY878 2004 |
|
| 090 |
_aTOBBK HD 2768.T94 _bY878 2004 |
||
| 092 | _aREH 06 0 ATA 2004 | ||
| 245 | 0 | 0 |
_aYurt içi kuruluşlar rehberi / _chazırlayanlar Nilgün Atay, Tanju Özbay. |
| 264 | 1 |
_aİstanbul : _bİstanbul Ticaret Odası, _c2004. |
|
| 300 |
_av, 248 pages ; _c23 cm |
||
| 336 |
_atext _btxt _2rdacontent |
||
| 337 |
_aunmediated _bn _2rdamedia |
||
| 338 |
_avolume _bnc _2rdacarrier |
||
| 490 | 0 |
_aİstanbul Ticaret Odası Yayın No ; _v2004-01 |
|
| 504 | _aBIB | ||
| 650 | 7 |
_aDernekler, kurumlar vb. _zTürkiye _vRehberler _2etuturkob _946350 |
|
| 700 | 1 |
_aAtay, Nilgün _eeditor _968633 |
|
| 700 | 1 |
_aÖzbay, Tanju _eeditor _9123927 |
|
| 710 | 2 |
_aİstanbul Ticaret Odası _919571 |
|
| 942 |
_2lcc _cBK |
||
| 999 |
_c200459812 _d78024 |
||